On This Day: January 12th Quiz Stats

 Plays Quiz Updated Jan 12, 2018

Score 0/7 Timer 03:00
1 Play Today
Question Answer Wrong Answers
The murder trial against this celebrity begins in Los Angeles, California.
1995
O.J. Simpson
94.3%
Robert Blake
1.7%
Phil Spector
1.6%
Oscar Pistorius
0.6%
A catastrophic earthquake occurs in this Caribbean country, destroying much of the capital city of Port-au-Prince.
2010
Haiti
93%
Cuba
0.6%
Jamaica
2.7%
Bahamas
1.4%
The United States House of Representatives rejects a proposal to require states to give women the right to ______.
1915
Vote
91.9%
File for Divorce
2.1%
Drive
1.7%
Serve in the Military
3.6%
This American computer scientist and businessman, the founder of Amazon.com, is born.
1964
Jeff Bezos
80.9%
Larry Page
5.8%
Tim Cook
6.3%
Steve Ballmer
5.6%
The ______ rising takes place in Sicily against the Bourbon Kingdom of the Two Sicilies.
1848
Palermo
74.2%
Cagliari
13.1%
Nicosia
9.6%
Ajaccio
3%
This AFL team, led by Joe Namath, defeats the Baltimore Colts of the NFL to win Super Bowl III, considered to be one of the greatest upsets in sports history.
1969
New York Jets
71.2%
Buffalo Bills
8.5%
Miami Dolphins
9.6%
Denver Broncos
9.1%
Nineteen European nations agree to forbid ______.
1998
Human Cloning
51.8%
Animal Testing
22.2%
Aerosol Spray Products
14.1%
Lead-based Paint
9.8%

You're not logged in!

Compare scores with friends on all Sporcle quizzes.
OR
Log In

You Might Also Like...

Show Comments

Extras

Top Quizzes Today


Score Distribution

Your Account Isn't Verified!

In order to create a playlist on Sporcle, you need to verify the email address you used during registration. Go to your Sporcle Settings to finish the process.

Report this User

Report this user for behavior that violates our Community Guidelines.

Details: